<?xml version="1.0" encoding="UTF-8"?>
<record
    xmlns:xsi="http://www.w3.org/2001/XMLSchema-instance"
    xsi:schemaLocation="http://www.loc.gov/MARC21/slim http://www.loc.gov/standards/marcxml/schema/MARC21slim.xsd"
    xmlns="http://www.loc.gov/MARC21/slim">

  <leader>00377    a2200109   4500</leader>
  <controlfield tag="001">ART_25617</controlfield>
  <controlfield tag="005">20260410161935.0</controlfield>
  <controlfield tag="008">260409a                                 </controlfield>
  <datafield tag="245" ind1="1" ind2="0">
    <subfield code="a">El menoscabo de la propiedad mutila la libertad</subfield>
  </datafield>
  <datafield tag="100" ind1="1" ind2=" ">
    <subfield code="a">Benegas Lynch, Alberto</subfield>
  </datafield>
  <datafield tag="773" ind1="0" ind2=" ">
    <subfield code="t">Anales de la Academia Nacional de Ciencias Econ&#xF3;micas</subfield>
    <subfield code="g">- Vol. XXXII, (1987) (ene. 1988)</subfield>
    <subfield code="w">REV25596</subfield>
  </datafield>
  <datafield tag="999" ind1=" " ind2=" ">
    <subfield code="c">28937</subfield>
    <subfield code="d">28937</subfield>
  </datafield>
</record>
